[Event "2.ligaD04/05-9"]
[Site "?"]
[Date "????.??.??"]
[Round "?"]
[White "Masak, Pavel"]
[Black "Vrtal, Jaroslav"]
[Result "1-0"]
[WhiteElo "2103"]
[BlackElo "2143"]
[PlyCount "167"]
[EventDate "2005.??.??"]

{409MB, EXEO} 1. c4 Nf6 2. Nf3 g6 3. Nc3 Bg7 4. g3 O-O 5. Bg2 c5 6. O-O Nc6 7.
d3 b6 8. Bf4 Bb7 9. Qd2 Re8 10. e4 d6 11. h3 Qd7 12. Kh2 Rad8 13. Bh6 Bh8 14.
Nh4 Nd4 15. f4 e6 16. g4 Qc7 17. Rae1 Nd7 18. Kh1 a6 19. Rf2 b5 20. f5 Ne5 21.
cxb5 axb5 22. f6 b4 23. Ne2 Nxe2 24. Qxe2 Ba6 25. Rd1 d5 26. Bc1 c4 27. d4 Nd3
28. e5 Nxf2+ 29. Qxf2 c3 30. Nf3 cxb2 31. Bxb2 Rc8 32. Qe3 Qd8 33. Rd2 Bxf6 34.
exf6 Qxf6 35. Ne5 Re7 36. Rf2 Qh4 37. g5 Rec7 38. Ng4 Bc4 39. Qf4 Kf8 40. Qf6
Bxa2 41. Kh2 Bb1 42. Bc1 Bf5 43. Bf4 Bxg4 44. Bxc7 Rxc7 45. Rf4 Rb7 46. Qh8+
Ke7 47. Qg8 Kd6 48. Qd8+ Kc6 49. Qa5 Rc7 50. Qc5+ Kb7 51. Qxb4+ Kc8 52. Rxg4
Qf2 53. Qf8+ Kb7 54. Qa3 f5 55. gxf6 Qxf6 56. Qe3 Rf7 57. Rg3 Kc6 58. Rf3 Qe7
59. Qc1+ Kd7 60. Ra3 Qd6+ 61. Kh1 Ke7 62. Ra7+ Kf8 63. Qh6+ Kg8 64. Rxf7 Kxf7
65. Qxh7+ Kf6 66. Qh4+ g5 67. Qh6+ Kf5 68. Qg7 Kf4 69. Kg1 Ke3 70. Qf6 Qf4 71.
Qxe6+ Kxd4 72. Qxd5+ Kc3 73. Qc5+ Kd3 74. Kh1 Qe3 75. Qf5+ Kd2 76. Kh2 Kc3 77.
Qa5+ Kd3 78. Qa3+ Kd4 79. Qxe3+ Kxe3 80. Kg3 Kd4 81. Kg4 Ke5 82. Kxg5 Ke6 83.
Kg6 Ke7 84. Bd5 1-0

[Event "2.ligaD04/05-9"]
[Site "?"]
[Date "????.??.??"]
[Round "?"]
[White "Klenner, Richard"]
[Black "Handl, Martin"]
[Result "1/2-1/2"]
[WhiteElo "1967"]
[BlackElo "2023"]
[PlyCount "54"]
[EventDate "2005.??.??"]

{409MB, EXEO} 1. e4 c5 2. Nf3 d6 3. d4 cxd4 4. Nxd4 Nf6 5. Nc3 a6 6. Be3 e5 7.
Nb3 Be6 8. Qd2 Be7 9. f3 Nbd7 10. O-O-O O-O 11. g4 b5 12. h4 Nb6 13. Bxb6 Qxb6
14. Nd5 Bxd5 15. exd5 a5 16. Kb1 a4 17. Nc1 b4 18. g5 Nh5 19. Bh3 Nf4 20. Bg4
f5 21. gxf6 Bxf6 22. Ne2 b3 23. cxb3 axb3 24. a3 Qb5 25. Nc3 Qb6 26. Ne4 Ra4
27. Qc3 Be7 1/2-1/2

[Event "2.ligaD04/05-9"]
[Site "?"]
[Date "????.??.??"]
[Round "?"]
[White "Pechan, Zdenek"]
[Black "Vratislavsky, Ivo"]
[Result "1/2-1/2"]
[WhiteElo "1901"]
[BlackElo "1825"]
[PlyCount "29"]
[EventDate "2005.??.??"]

{409MB, EXEO} 1. d4 f5 2. c4 Nf6 3. Nc3 e6 4. e3 b6 5. Nf3 Bb7 6. Be2 Be7 7.
O-O O-O 8. b3 d5 9. Bb2 Ne4 10. Ne5 Bd6 11. cxd5 Nxc3 12. Bxc3 Bxd5 13. Bf3
Bxe5 14. dxe5 c6 15. Qe2 1/2-1/2

[Event "2.ligaD04/05-9"]
[Site "?"]
[Date "????.??.??"]
[Round "?"]
[White "Lacko, Jan"]
[Black "Cely, Jaroslav"]
[Result "1-0"]
[WhiteElo "2231"]
[BlackElo "2181"]
[PlyCount "65"]
[EventDate "2005.??.??"]

1. c4 e5 2. Nc3 Nc6 3. g3 g6 4. Bg2 Bg7 5. d3 Nge7 6. e3 d6 7. Nge2 O-O 8. O-O
Be6 9. Nd5 Qd7 10. Rb1 Nd8 11. Nxe7+ Qxe7 12. Qa4 c6 13. b4 Qd7 14. b5 Bh3 15.
bxc6 bxc6 16. Bxh3 Qxh3 17. Ba3 Qe6 18. d4 f5 19. dxe5 Bxe5 20. Rfd1 g5 21. Nd4
Bxd4 22. Rxd4 c5 23. Rd5 Qe4 24. Rbd1 Nf7 25. Qd7 Ne5 26. Qe6+ Kh8 27. Bb2 Qc2
28. Bxe5+ dxe5 29. Qxe5+ Kg8 30. Rd7 Rf7 31. Rd8+ Rxd8 32. Rxd8+ Rf8 33. Qe6+
1-0

[Event "2.ligaD04/05-9"]
[Site "?"]
[Date "????.??.??"]
[Round "?"]
[White "Vecera, Pavel"]
[Black "Macharacek, Simon"]
[Result "0-1"]
[WhiteElo "2175"]
[BlackElo "2209"]
[PlyCount "106"]
[EventDate "2005.??.??"]

1. e4 e5 2. Nf3 Nc6 3. Bb5 a6 4. Ba4 Nf6 5. O-O Nxe4 6. d4 b5 7. Bb3 d5 8. dxe5
Be6 9. Nbd2 Nc5 10. c3 Be7 11. h3 d4 12. Bxe6 Nxe6 13. cxd4 Ncxd4 14. Nxd4 Qxd4
15. Nf3 Qxd1 16. Rxd1 Rd8 17. Rxd8+ Kxd8 18. Be3 Kd7 19. Rd1+ Kc6 20. Rc1+ Kb7
21. Nd2 a5 22. f4 Rd8 23. Nb3 Ra8 24. f5 a4 25. Nd2 Nd8 26. Ne4 Nc6 27. Nc5+
Bxc5 28. Rxc5 b4 29. Rb5+ Ka6 30. Rc5 Kb7 31. Rb5+ Kc8 32. Bd2 Rb8 33. Rc5 Kd7
34. Bf4 Re8 35. Rd5+ Kc8 36. Kf1 Rd8 37. Rxd8+ Kxd8 38. Ke2 Nd4+ 39. Kd3 Nxf5
40. Kc4 b3 41. a3 Kd7 42. g4 Ne7 43. Kb5 Nd5 44. Bd2 Nb6 45. Be3 Ke6 46. Bxb6
cxb6 47. Kxa4 Kxe5 48. Kxb3 g5 49. Kc3 f5 50. a4 f4 51. Kd3 Kd5 52. b4 h6 53.
Kc3 Ke4 0-1

[Event "2.ligaD04/05-10"]
[Site "?"]
[Date "????.??.??"]
[Round "10"]
[White "Riska, Lubomir"]
[Black "Vechet, Stanislav"]
[Result "1/2-1/2"]
[WhiteElo "2207"]
[BlackElo "2259"]
[PlyCount "38"]

1. Nf3 d5 2. c4 c6 3. d4 Nf6 4. Nc3 e6 5. e3 Nbd7 6. Bd3 Bd6 7. O-O O-O 8. Qc2
Qc7 9. e4 dxc4 10. Bxc4 e5 11. dxe5 Nxe5 12. Nxe5 Bxe5 13. h3 Re8 14. Bd3 Nh5
15. Ne2 Nf4 16. Nxf4 Bxf4 17. Re1 h6 18. Be3 Be6 19. Qc1 Bxe3 1/2-1/2

[Event "2.ligaD04/05-10"]
[Site "?"]
[Date "????.??.??"]
[Round "10"]
[White "Symersky, Petr"]
[Black "Skaroupka, Jiri"]
[Result "1/2-1/2"]
[WhiteElo "2153"]
[BlackElo "2136"]
[PlyCount "144"]

1. d4 d5 2. Nf3 Nf6 3. g3 Bg4 4. Bg2 c6 5. O-O Nbd7 6. b3 e6 7. Bb2 Be7 8. Nbd2
Ne4 9. Ne1 Nxd2 10. Qxd2 O-O 11. Nd3 Bf6 12. f3 Bf5 13. e4 Bg6 14. e5 Be7 15.
f4 c5 16. c3 Qa5 17. b4 cxb4 18. cxb4 Qb5 19. Nc5 Nxc5 20. bxc5 b6 21. a4 Qd7
22. Rfc1 Rfc8 23. Qe3 bxc5 24. dxc5 Rab8 25. Bd4 Rb4 26. Bf1 Qb7 27. Ra3 a6 28.
a5 h6 29. h3 Qa7 30. Rac3 Ra4 31. g4 Rxa5 32. c6 Qb8 33. Rb3 Qa8 34. c7 Ra4 35.
Rb6 Rb4 36. Rxb4 Bxb4 37. Bc5 Bxc5 38. Qxc5 Qb7 39. Qc6 Qa7+ 40. Rc5 d4 41.
Bxa6 Be4 42. Qd6 Bb7 43. Bxb7 Qxb7 44. Qxd4 Kh7 45. Qd3+ g6 46. Qc3 Kg7 47. Kh2
Qe4 48. Qd2 Qf3 49. Rc3 Qf1 50. Qe3 h5 51. Rc1 Qb5 52. f5 exf5 53. gxf5 Qb2+
54. Kg1 gxf5 55. Qg5+ Kh7 56. Qxh5+ Kg7 57. Qg5+ Kh7 58. Qxf5+ Kg7 59. Qg5+ Kh7
60. Qh5+ Kg7 61. Rd1 Rxc7 62. Qg5+ Kh7 63. Rd2 Qb1+ 64. Kh2 Rc6 65. Qh5+ Kg7
66. Rg2+ Rg6 67. Rxg6+ Qxg6 68. Qe2 Kf8 69. Qb2 Ke7 70. Qb4+ Ke6 71. Qd6+ Kf5
72. Qd4 Qe6 1/2-1/2

[Event "2.ligaD04/05-10"]
[Site "?"]
[Date "????.??.??"]
[Round "10"]
[White "Molik, Zdenek"]
[Black "Lastovicka, Jiri"]
[Result "1/2-1/2"]
[WhiteElo "2203"]
[BlackElo "2171"]
[PlyCount "131"]

1. e4 e6 2. d3 d5 3. Nd2 Nf6 4. Ngf3 b6 5. g3 Bb7 6. e5 Ng8 7. Bg2 Ne7 8. O-O
Nf5 9. Re1 Be7 10. Nf1 h5 11. h4 Nc6 12. Bf4 Qd7 13. Ng5 g6 14. c3 a5 15. Ne3
Nh6 16. Qd2 O-O-O 17. Nc2 Bf8 18. d4 Kb8 19. b4 a4 20. Bf1 Na7 21. Rab1 b5 22.
Ne3 Nc8 23. Qe2 Bc6 24. Nc2 Nb6 25. Na3 Nc4 26. Nxc4 dxc4 27. Ne4 Ng8 28. Bg2
Bd5 29. Bg5 Be7 30. Qe3 Qc6 31. f3 Bxg5 32. Qxg5 Rf8 33. Kf2 Qe8 34. Nf6 Nxf6
35. exf6 Qc6 36. Re5 Rd8 37. Rbe1 Qb7 38. Qf4 Ka7 39. Bf1 Kb6 40. Be2 c6 41.
Bd1 Ka6 42. Rg5 Rd7 43. Bc2 Qc7 44. Qxc7 Rxc7 45. a3 Kb6 46. Ke3 Rcc8 47. Kf4
Kc7 48. Rh1 Rh6 49. Re5 Kd6 50. Rh3 Rch8 51. Re2 R6h7 52. Reh2 Rh6 53. Bd1 R6h7
54. g4 Re8 55. Re2 Reh8 56. Kg3 Rh6 57. Re5 R6h7 58. Rg5 Rh6 59. f4 hxg4 60.
Bxg4 Be4 61. Rh2 Bf5 62. Bf3 Rf8 63. Rh1 Rfh8 64. Rh2 Rf8 65. Re2 Rfh8 66. Rh2
1/2-1/2

[Event "2.ligaD04/05-10"]
[Site "?"]
[Date "????.??.??"]
[Round "10"]
[White "Sochna, Dusan"]
[Black "Vlk, Miroslav"]
[Result "1-0"]
[WhiteElo "2163"]
[BlackElo "2115"]
[PlyCount "149"]

1. e4 e6 2. d4 d5 3. Nd2 c5 4. exd5 exd5 5. Bb5+ Bd7 6. Qe2+ Qe7 7. Bxd7+ Nxd7
8. dxc5 Qxe2+ 9. Nxe2 Bxc5 10. Nb3 Bb6 11. O-O Ngf6 12. Bf4 O-O 13. Rad1 Rac8
14. c3 g6 15. Bg3 Rfe8 16. Nf4 Re5 17. Rfe1 Rce8 18. Rxe5 Rxe5 19. Kf1 a5 20.
Nd3 Re8 21. f3 a4 22. Nd4 Bxd4 23. cxd4 Rc8 24. Ke2 b5 25. Kd2 Rc4 26. b3 Rc6
27. Nb4 Rc8 28. Re1 Nf8 29. Bh4 N8d7 30. Re7 axb3 31. axb3 Ra8 32. Kc3 Ra1 33.
Re1 Ra8 34. Re2 h6 35. Nd3 g5 36. Bg3 Nf8 37. Nc5 N8d7 38. Nxd7 Nxd7 39. Kb4
Ra6 40. Kxb5 Rb6+ 41. Ka4 Ra6+ 42. Kb4 Rb6+ 43. Kc3 Rc6+ 44. Kb2 Kf8 45. Be1
Rb6 46. Bd2 f6 47. Ba5 Rb5 48. Bd8 Rb8 49. Bc7 Rc8 50. Bd6+ Kg8 51. Re7 Nb8 52.
Bxb8 Rxb8 53. Rd7 Rb5 54. Rc7 Kf8 55. Rc5 Rb7 56. Rxd5 Ke7 57. Ra5 Rb6 58. Kc3
Rc6+ 59. Kd3 Rc1 60. Ke4 Rc2 61. g4 Re2+ 62. Kf5 Re3 63. Ra7+ Kd6 64. Kxf6
Rxf3+ 65. Kg7 Rxb3 66. Ra6+ Kd5 67. Rxh6 Ke4 68. d5 Kf4 69. h3 Rd3 70. d6 Ke5
71. Kf7 Kf4 72. Ke7 Re3+ 73. Kd8 Kg3 74. d7 Rd3 75. Ke7 1-0

[Event "2.ligaD04/05-10"]
[Site "?"]
[Date "????.??.??"]
[Round "10"]
[White "Dobes, Oldrich"]
[Black "Kalendovsky, Jan"]
[Result "1/2-1/2"]
[WhiteElo "2066"]
[BlackElo "2168"]
[PlyCount "48"]

1. e4 d6 2. d4 Nf6 3. Nc3 g6 4. Nf3 Bg7 5. h3 O-O 6. Be2 c6 7. O-O Qc7 8. Be3
e5 9. Qd2 Re8 10. dxe5 dxe5 11. Rad1 Nbd7 12. Bh6 Nc5 13. Bxg7 Kxg7 14. Qe3 b6
15. Rd2 Nh5 16. Rfd1 Nf4 17. Bf1 h6 18. Kh2 Be6 19. g3 Nh5 20. Nh4 Rad8 21. Be2
Rxd2 22. Rxd2 Nf6 23. Nf3 Ng8 24. Nh4 Ne7 1/2-1/2

[Event "2.ligaD04/05-10"]
[Site "?"]
[Date "????.??.??"]
[Round "10"]
[White "Vrtal, Jaroslav"]
[Black "Docekal, Jan"]
[Result "0-1"]
[WhiteElo "2156"]
[BlackElo "2120"]
[PlyCount "90"]

1. Nf3 g6 2. g3 Bg7 3. Bg2 c5 4. c4 Nc6 5. Nc3 Nf6 6. O-O O-O 7. d3 d5 8. cxd5
Nxd5 9. Bd2 Nxc3 10. bxc3 Bd7 11. Rb1 b6 12. Qc2 Qc8 13. Rfd1 Bh3 14. Bh1 h6
15. Rbc1 Rd8 16. Be3 e5 17. d4 e4 18. Ne1 cxd4 19. cxd4 Nxd4 20. Bxd4 Rxd4 21.
Rxd4 Bxd4 22. Bxe4 Qxc2 23. Nxc2 Rc8 24. Rd1 Bc5 25. Ne1 Re8 26. Bd3 Rd8 27.
Rb1 Kf8 28. Nf3 Be6 29. a4 Bd5 30. Nd2 Ke7 31. Nc4 Rc8 32. Rc1 Rc6 33. e4 Be6
34. Kg2 Bd4 35. f4 Rc5 36. Rc2 Bd7 37. Ra2 Bc6 38. Kf3 f5 39. Nd2 Rc3 40. Ke2
fxe4 41. Bb1 Re3+ 42. Kd1 Bd5 43. Rc2 Bc3 44. Ba2 Bc6 45. Bb3 Bd7 0-1

[Event "2.ligaD04/05-10"]
[Site "?"]
[Date "????.??.??"]
[Round "10"]
[White "Mlensky, Dalibor"]
[Black "Klenner, Richard"]
[Result "1/2-1/2"]
[WhiteElo "2093"]
[BlackElo "1967"]
[PlyCount "43"]

1. e4 d6 2. d4 Nf6 3. Nc3 c6 4. g3 Nbd7 5. Bg2 e5 6. Nge2 Be7 7. O-O O-O 8. h3
a6 9. Be3 b5 10. a3 Bb7 11. g4 Nb6 12. b3 Re8 13. Ng3 Qc7 14. f4 Bf8 15. Qd2
exf4 16. Bxf4 c5 17. dxc5 Qxc5+ 18. Be3 Qc7 19. Bd4 d5 20. Qf2 Rac8 21. g5 Bc5
22. gxf6 1/2-1/2

[Event "2.ligaD04/05-10"]
[Site "?"]
[Date "????.??.??"]
[Round "10"]
[White "Safar, Eduard"]
[Black "Fojtik, Tomas"]
[Result "0-1"]
[WhiteElo "1776"]
[BlackElo "2054"]
[PlyCount "108"]

1. d4 d5 2. c4 c6 3. cxd5 cxd5 4. Nc3 Nf6 5. e3 g6 6. Nf3 Bg7 7. Be2 O-O 8. O-O
Nc6 9. a3 Bg4 10. h3 Bxf3 11. Bxf3 e6 12. Rb1 Rc8 13. Bd2 a6 14. Qe2 Qe7 15.
Rfd1 Rfe8 16. Be1 Rcd8 17. Qc2 Nd7 18. b4 Rc8 19. Qb3 Nb6 20. Be2 Bf8 21. Na4
Nxa4 22. Qxa4 Rc7 23. Qb3 Rec8 24. Bf3 b5 25. Rbc1 Nxd4 26. Rxc7 Nxf3+ 27. gxf3
Qxc7 28. Qd3 Qe5 29. f4 Qf5 30. Kg2 Bg7 31. Kg3 Kf8 32. f3 Qxd3 33. Rxd3 Rc4
34. Bd2 Ke7 35. Kf2 Bb2 36. Ke2 Kf6 37. Rb3 Bc1 38. Bc3+ Ke7 39. Kd3 h6 40. h4
f6 41. Bd4 g5 42. hxg5 hxg5 43. fxg5 fxg5 44. Be5 Kf7 45. Bd4 Kg6 46. Rc3 Bb2
47. Rb3 Bxd4 48. exd4 Kf5 49. Ke3 e5 50. dxe5 Kxe5 51. Rd3 d4+ 52. Kd2 Rc3 53.
f4+ gxf4 54. Rxc3 dxc3+ 0-1

[Event "2.ligaD04/05-10"]
[Site "?"]
[Date "2005.??.??"]
[Round "?"]
[White "Mlynek, Petr"]
[Black "Spodny, Josef"]
[Result "1/2-1/2"]
[WhiteElo "2236"]
[BlackElo "2151"]
[PlyCount "48"]

1. d4 Nf6 2. c4 e6 3. g3 Bb4+ 4. Bd2 Qe7 5. Bg2 Nc6 6. Nf3 Bxd2+ 7. Nbxd2 d6 8.
O-O O-O 9. e4 e5 10. d5 Nb8 11. Ne1 a5 12. Nd3 Na6 13. Qc2 b6 14. a3 Nc5 15. b4
Nxd3 16. Qxd3 Bd7 17. Rfc1 Ra7 18. c5 axb4 19. cxb6 cxb6 20. axb4 Rfa8 21. Rxa7
Rxa7 22. Qc3 Qd8 23. Bf1 Ne8 24. Ra1 Qa8 1/2-1/2

[Event "2.ligaD04/05-10"]
[Site "?"]
[Date "2005.??.??"]
[Round "?"]
[White "Mares, Jaroslav"]
[Black "Pridal, Ondrej"]
[Result "1/2-1/2"]
[WhiteElo "2126"]
[BlackElo "2193"]
[PlyCount "72"]

1. c4 e6 2. d4 d5 3. Nf3 c5 4. e3 Nc6 5. Nc3 Nf6 6. a3 a6 7. dxc5 Bxc5 8. b4
Ba7 9. Bb2 O-O 10. Qc2 Qe7 11. Rd1 Rd8 12. Be2 dxc4 13. Rxd8+ Nxd8 14. Bxc4 b5
15. Bd3 Bb7 16. Ne4 Nxe4 17. Bxe4 Rc8 18. Qd3 Bxe4 19. Qxe4 Nb7 20. Qe5 f6 21.
Qe4 Nd6 22. Qb1 Nc4 23. O-O Rd8 24. Qa2 Qd6 25. Bd4 Bb8 26. Bc5 Qc7 27. Ra1 Kh8
28. g3 Rd3 29. a4 Qb7 30. Qe2 Qd5 31. axb5 axb5 32. Nd4 Rd2 33. Qg4 Nxe3 34.
Qh3 Nc2 35. Nxc2 Rxc2 36. Qf1 Rd2 1/2-1/2

[Event "2.ligaD04/05-10"]
[Site "?"]
[Date "2005.??.??"]
[Round "?"]
[White "Svihel, Karel"]
[Black "Novy, Martin"]
[Result "0-1"]
[WhiteElo "2157"]
[BlackElo "2152"]
[PlyCount "88"]

1. c4 Nc6 2. Nf3 e5 3. Nc3 g6 4. g3 Bg7 5. Bg2 Nge7 6. d3 d6 7. Rb1 a5 8. a3
O-O 9. O-O Bd7 10. b4 axb4 11. axb4 Nd4 12. b5 c6 13. e3 Nxf3+ 14. Bxf3 f5 15.
Bb2 Be6 16. Ra1 Qc7 17. Ra4 Qd8 18. Qa1 Rxa4 19. Qxa4 d5 20. cxd5 cxd5 21. Rc1
Qd7 22. d4 f4 23. exf4 exf4 24. gxf4 Nf5 25. Ne2 Nd6 26. Nc3 Nc4 27. Qc2 Rc8
28. Qe2 Nxb2 29. Qxb2 Bxd4 30. Qd2 Bxc3 31. Rxc3 Rxc3 32. Qxc3 Qxb5 33. f5 Qb1+
34. Kg2 Qxf5 35. Be2 d4 36. Qxd4 Qd5+ 37. Qxd5 Bxd5+ 38. Kf1 Kf7 39. Ke1 Kf6
40. Kd2 Ke5 41. Ke3 g5 42. Bd3 h6 43. Bb5 Bc6 44. Bd3 b5 0-1

[Event "2.ligaD04/05-10"]
[Site "?"]
[Date "????.??.??"]
[Round "?"]
[White "Adam, Petr"]
[Black "Krcmar, Zdenek"]
[Result "1/2-1/2"]
[WhiteElo "2129"]
[BlackElo "2289"]
[PlyCount "143"]

1. d4 Nf6 2. Bg5 c5 3. Bxf6 exf6 4. Nc3 d5 5. e3 Nc6 6. Nf3 Be6 7. a3 Rc8 8.
Be2 Be7 9. O-O O-O 10. dxc5 Bxc5 11. Nb5 Bf5 12. Nbd4 Bxd4 13. Nxd4 Nxd4 14.
Qxd4 Rxc2 15. Bd1 Rc4 16. Qxa7 Qc7 17. Bb3 Rh4 18. g3 Rh5 19. Bxd5 Bd3 20. Rfc1
Qe5 21. Bf3 Rf5 22. Qxb7 h5 23. Rc3 Rb8 24. Rc8+ Rxc8 25. Qxc8+ Kh7 26. Qb7 Qe6
27. Rd1 Bc2 28. Rd4 Qa2 29. Kg2 g6 30. Bd5 Rxd5 31. Qxf7+ Kh6 32. Qf8+ Kh7 33.
Rb4 Rd7 34. Qxf6 Rf7 35. Qd8 Qb1 36. Rb8 Be4+ 37. Kh3 Bf5+ 38. Kh4 Qe4+ 39. f4
Qe7+ 40. Qxe7 Rxe7 41. Kg5 Kg7 42. a4 Ra7 43. b3 Bd3 44. Rb4 Ra5+ 45. Kh4 Rc5
46. e4 Kh6 47. g4 hxg4 48. Kxg4 Rc3 49. f5 Be2+ 50. Kf4 g5+ 51. Ke5 Bd1 52. Kf6
Rc6+ 53. Ke7 g4 54. a5 Kg5 55. f6 Rc7+ 56. Kd6 Ra7 57. e5 Kf5 58. Rb5 Be2 59.
f7 Ra6+ 60. Rb6 Ra8 61. e6 Kf6 62. b4 Bc4 63. Kd7 Ra7+ 64. Kd8 Ra8+ 65. Kc7
Bxe6 66. Rb8 Ra7+ 67. Kb6 Rxf7 68. a6 Rh7 69. a7 Bd5 70. Rd8 Bh1 71. a8=Q Bxa8
72. Rxa8 1/2-1/2

[Event "2.ligaD04/05-10"]
[Site "?"]
[Date "????.??.??"]
[Round "?"]
[White "Kulovana, Eva"]
[Black "Kavan, Zdenek"]
[Result "0-1"]
[WhiteElo "2183"]
[BlackElo "2190"]
[PlyCount "94"]

1. e4 d6 2. d4 Nf6 3. Nc3 g6 4. Nf3 Bg7 5. Be2 Nbd7 6. O-O e5 7. Re1 O-O 8. Bf1
Re8 9. a4 a5 10. Bg5 c6 11. d5 Qc7 12. Bc4 Nb6 13. Bb3 c5 14. Nd2 Bg4 15. f3
Bd7 16. Bc4 Rf8 17. Qe2 h6 18. Be3 Nh5 19. Bb5 Bc8 20. Rec1 Qe7 21. g3 f5 22.
Bf2 Qg5 23. Kh1 Qe7 24. Nd1 Nf6 25. c3 fxe4 26. fxe4 Bg4 27. Qe1 Nbd7 28. Ne3
Bh3 29. Bf1 Ng4 30. Nxg4 Bxg4 31. Bg2 Nf6 32. Nc4 Nh7 33. Qe3 Ng5 34. Bg1 Bf3
35. Rf1 Bxg2+ 36. Kxg2 Qd7 37. Kh1 Rxf1 38. Rxf1 Qxa4 39. Nxd6 Bf8 40. Nxb7 Qb5
41. Rxf8+ Rxf8 42. Nxc5 Qf1 43. d6 Rf3 44. d7 Rxe3 45. d8=Q+ Kh7 46. Qd7+ Nf7
47. Qd2 Re2 0-1

[Event "2.ligaD04/05-10"]
[Site "?"]
[Date "????.??.??"]
[Round "?"]
[White "Dvorak, Libor"]
[Black "Dittrich, Pavel"]
[Result "0-1"]
[WhiteElo "2021"]
[BlackElo "2196"]
[PlyCount "66"]

1. Nf3 e6 2. g3 d5 3. c4 c6 4. b3 Nf6 5. Bg2 Bd6 6. Bb2 O-O 7. O-O Nbd7 8. d4
Ne4 9. Ne5 f5 10. f3 Nef6 11. Nxd7 Bxd7 12. e4 fxe4 13. fxe4 Nxe4 14. Bxe4 dxe4
15. Nd2 Rxf1+ 16. Qxf1 e3 17. Ne4 Be7 18. Qe2 Qc7 19. Qxe3 Rf8 20. Qc3 Rf7 21.
Rf1 Rxf1+ 22. Kxf1 Qd8 23. Bc1 Qf8+ 24. Kg2 Qf5 25. Qf3 e5 26. d5 cxd5 27. cxd5
Qg6 28. Nf2 Qc2 29. Qe3 Bc5 30. Qd2 Qf5 31. g4 Qf7 32. h3 Bd4 33. Qd3 Qxf2+ 0-1

[Event "2.ligaD04/05-10"]
[Site "?"]
[Date "????.??.??"]
[Round "?"]
[White "Miculka, Petr"]
[Black "Fojtach, Ivan"]
[Result "1/2-1/2"]
[WhiteElo "2079"]
[BlackElo "2045"]
[PlyCount "72"]

1. e4 c5 2. Nf3 Nc6 3. c3 e6 4. d4 d5 5. e5 Qb6 6. Bd3 Bd7 7. Bc2 cxd4 8. cxd4
Nb4 9. O-O Nxc2 10. Qxc2 Ne7 11. Nc3 Nc6 12. Be3 Be7 13. Rfe1 O-O 14. Qd2 f6
15. Rad1 fxe5 16. dxe5 Qa5 17. Nxd5 exd5 18. Qxa5 Nxa5 19. Rxd5 Bb4 20. Rxd7
Rxf3 21. Red1 Rf7 22. a3 Rxd7 23. Rxd7 Bf8 24. f4 Nc4 25. Bd4 b6 26. e6 Re8 27.
f5 h5 28. h3 h4 29. Rxa7 Nd6 30. f6 gxf6 31. Bxf6 Nf5 32. Ra4 Bc5+ 33. Kh2 Bd6+
34. Kg1 Bc5+ 35. Kh2 Bd6+ 36. Kg1 Bc5+ 1/2-1/2

[Event "2.ligaD04/05-10"]
[Site "?"]
[Date "????.??.??"]
[Round "?"]
[White "Skrenek, Jiri"]
[Black "Tesar, Jan"]
[Result "1-0"]
[WhiteElo "2046"]
[BlackElo "2102"]
[PlyCount "109"]

1. e4 d6 2. d4 Nf6 3. Nc3 g6 4. Bg5 c6 5. Nf3 Qa5 6. Qd2 Bg4 7. Bxf6 exf6 8.
Qf4 f5 9. Nd2 Qd8 10. h3 Qh4 11. g3 Qh5 12. Bg2 g5 13. Qe3 f4 14. gxf4 gxf4 15.
Qxf4 Be6 16. d5 Bd7 17. Nc4 Qg6 18. Bf3 b5 19. Ne3 Bh6 20. Qh2 b4 21. dxc6 bxc3
22. cxd7+ Nxd7 23. Rg1 cxb2 24. Rb1 Qf6 25. Ke2 Bf4 26. Qg2 Bxe3 27. fxe3 Qc3
28. Kd1 Ne5 29. Qe2 Nc4 30. Qd3 Qb4 31. Be2 Na3 32. c3 Qa4+ 33. Ke1 Nxb1 34.
Qxd6 Rd8 35. Qe5+ Kd7 36. Bb5+ Qxb5 37. Qxb5+ Kc7 38. Qxb2 Rb8 39. Qh2+ Kc8 40.
Rg5 Rb6 41. Rc5+ Kb7 42. Qe5 Rg8 43. Qd5+ Kb8 44. Rb5 Rg1+ 45. Kf2 Rc1 46.
Rxb6+ axb6 47. Qb3 Nxc3 48. Qxb6+ Ka8 49. Qc6+ Kb8 50. Qe8+ Ka7 51. Qxf7+ Kb8
52. Qxh7 Rc2+ 53. Kf3 Nxa2 54. e5 Rb2 55. e6 1-0

[Event "2.ligaD04/05-10"]
[Site "?"]
[Date "????.??.??"]
[Round "?"]
[White "Kruml, David"]
[Black "Nekula, Richard"]
[Result "1-0"]
[WhiteElo "2148"]
[BlackElo "2089"]
[PlyCount "53"]

1. c4 Nf6 2. g3 e5 3. Bg2 Be7 4. Nc3 d6 5. e3 O-O 6. Nge2 c6 7. d4 Nbd7 8. O-O
Qc7 9. b3 h6 10. Bb2 Nh7 11. f4 f5 12. e4 fxe4 13. dxe5 dxe5 14. Nxe4 Nhf6 15.
fxe5 Nxe5 16. Qd4 Neg4 17. h3 Rd8 18. Qc3 Qb6+ 19. c5 Qb5 20. hxg4 Qxe2 21.
Rxf6 gxf6 22. Nxf6+ Kf7 23. Bf1 Rd1 24. Rxd1 Qxd1 25. Ng8 Bxc5+ 26. Qxc5 Kxg8
27. Qe7 1-0

[Event "2.ligaD04/05-10"]
[Site "?"]
[Date "????.??.??"]
[Round "?"]
[White "Petlak, Josef"]
[Black "Lampir, Tomas"]
[Result "0-1"]
[WhiteElo "2031"]
[BlackElo "1999"]
[PlyCount "70"]

1. c3 e5 2. e3 d5 3. d4 Nd7 4. b3 c6 5. a4 Bd6 6. Ba3 Bxa3 7. Nxa3 Ne7 8. Be2
O-O 9. dxe5 Nxe5 10. Nf3 Nxf3+ 11. Bxf3 Nf5 12. g3 Qg5 13. Nc2 Re8 14. Qd2 a6
15. Bg2 Nh4 16. O-O Nxg2 17. Kxg2 Qh5 18. Rfc1 Qh3+ 19. Kg1 Re6 20. c4 Rh6 21.
f3 Qh5 22. Ne1 Be6 23. cxd5 Bxd5 24. e4 Bxb3 25. Rcb1 Qc5+ 26. Kg2 Bc4 27. Rxb7
Rd6 28. Qf2 Qa5 29. Qe3 Rd2+ 30. Kg1 h6 31. Ng2 Rad8 32. h4 Re2 33. Qf4 Rdd2
34. Qb8+ Kh7 35. Nf4 Qc5+ 0-1

[Event "2.ligaD04/05-10"]
[Site "?"]
[Date "????.??.??"]
[Round "?"]
[White "Horak, Miroslav st."]
[Black "Jelen, Jiri"]
[Result "0-1"]
[WhiteElo "1740"]
[BlackElo "1957"]
[PlyCount "72"]

1. e4 e5 2. Nf3 d6 3. d4 Nd7 4. Bc4 c6 5. Ng5 Nh6 6. a4 g6 7. Bxf7+ Nxf7 8. Ne6
Qh4 9. Qf3 Nf6 10. Nc7+ Kd7 11. Nxa8 Qxe4+ 12. Qxe4 Nxe4 13. f3 Nf6 14. dxe5
Nxe5 15. Bf4 Nd5 16. Bg3 Nc4 17. Kf2 Bh6 18. Re1 Nxb2 19. Na3 Bd2 20. Re4 Bc3
21. Rb1 b6 22. Rxb2 Bxb2 23. Nc4 Ba6 24. Nxb2 Rxa8 25. c4 Ne7 26. Rf4 Nf5 27.
Re4 Re8 28. Bf4 Rxe4 29. fxe4 Nd4 30. e5 Ne6 31. Bg3 d5 32. cxd5 cxd5 33. Ke3
Kc6 34. Kd2 Kc5 35. Kc3 d4+ 36. Kc2 Bf1 0-1

[Event "2.ligaD04/05-10"]
[Site "?"]
[Date "????.??.??"]
[Round "?"]
[White "Svanda, Pavel"]
[Black "Holemar, David"]
[Result "1/2-1/2"]
[WhiteElo "2225"]
[BlackElo "2331"]
[PlyCount "85"]

1. e4 c5 2. Nf3 Nc6 3. Bb5 e6 4. O-O Nge7 5. c3 d5 6. d3 Ng6 7. Re1 Be7 8. exd5
Qxd5 9. d4 cxd4 10. c4 Qh5 11. Nxd4 Qxd1 12. Rxd1 Bd7 13. Nc3 Nxd4 14. Bxd7+
Kxd7 15. Rxd4+ Kc6 16. Rd1 Rhd8 17. b3 Rxd1+ 18. Nxd1 Rd8 19. Be3 Bf6 20. Rb1
Bd4 21. Bc1 Ne5 22. Kf1 Nd3 23. Ba3 a5 24. Be7 Rd7 25. Bg5 Nb4 26. a4 b6 27.
Ke2 f6 28. Bd2 Nc2 29. Ne3 Bxe3 30. fxe3 Kc5 31. Rd1 Rd6 32. Rc1 Nb4 33. Bc3 e5
34. Bb2 Rd3 35. Bc3 Rd6 36. Bb2 Nd3 37. Ba3+ Nb4 38. Rd1 Rxd1 39. Kxd1 Kc6 40.
Bxb4 axb4 41. Ke2 Kd6 42. g4 e4 43. Kd2 1/2-1/2

[Event "2.ligaD04/05-10"]
[Site "?"]
[Date "????.??.??"]
[Round "?"]
[White "Nehybka, Jiri"]
[Black "Zigo, Viktor"]
[Result "1/2-1/2"]
[WhiteElo "2177"]
[BlackElo "2302"]
[PlyCount "102"]

1. e4 e5 2. Nf3 Nc6 3. Nc3 Nf6 4. d4 exd4 5. Nxd4 Bb4 6. Nxc6 bxc6 7. Bd3 d5 8.
exd5 cxd5 9. O-O O-O 10. Bg5 Be6 11. Ne2 h6 12. Bh4 Bd6 13. Bg3 c5 14. c3 Rb8
15. b3 Bxg3 16. Nxg3 Qa5 17. Qc2 d4 18. cxd4 cxd4 19. Qb2 Rfd8 20. Ne2 Ng4 21.
h3 Ne5 22. Rfd1 Rd6 23. Rac1 Rbd8 24. Nf4 Nxd3 25. Nxd3 Qg5 26. Qd2 Qxd2 27.
Rxd2 Bf5 28. Rcd1 Bxd3 29. Rxd3 a5 30. f4 Kf8 31. g4 Rc8 32. Kf2 Rc2+ 33. R1d2
Rxd2+ 34. Rxd2 Rc6 35. Ke2 Rc3 36. Rd3 Rc2+ 37. Rd2 Rc3 38. Rxd4 Rxh3 39. Ra4
h5 40. g5 h4 41. Rxa5 Rc3 42. Ra8+ Ke7 43. Rh8 h3 44. Kf2 Ke6 45. Rh7 Kf5 46.
Rxg7 Kg4 47. g6 fxg6 48. Rxg6+ Kxf4 49. Kg1 Rc1+ 50. Kh2 Rc2+ 51. Kxh3 Rxa2
1/2-1/2

[Event "2.ligaD04/05-10"]
[Site "?"]
[Date "????.??.??"]
[Round "?"]
[White "Sedlacek, Oldrich"]
[Black "Skacelik, Petr"]
[Result "1/2-1/2"]
[WhiteElo "2193"]
[BlackElo "2243"]
[PlyCount "56"]

1. Nf3 g6 2. g3 Bg7 3. d4 Nf6 4. Bg2 O-O 5. c4 d6 6. O-O c5 7. Nc3 Nc6 8. dxc5
dxc5 9. Be3 Be6 10. Bxc5 Qa5 11. Ba3 Bxc4 12. Nd2 Be6 13. Nb3 Qh5 14. e3 Bg4
15. f3 Rfd8 16. Qe2 Bh3 17. Rfd1 Bxg2 18. Kxg2 e6 19. e4 e5 20. Bc5 Nd7 21. Be3
f5 22. Qc4+ Kh8 23. Qf7 fxe4 24. Nxe4 Rf8 25. g4 Qxg4+ 26. fxg4 Rxf7 27. Nd6
Re7 28. Rac1 Nb6 1/2-1/2